Tratado de derecho internacional privado
Guardat en:
| Autor principal: | |
|---|---|
| Format: | Llibre |
| Idioma: | espanyol |
| Publicat: |
Santiago, Chile:
Jurídica,
1997
|
| Edició: | Tercera edición |
| Matèries: | |
| Etiquetes: |
Afegir etiqueta
Sense etiquetes, Sigues el primer a etiquetar aquest registre!
|
MARC
| LEADER | 00000nam a2200000 a 4500 | ||
|---|---|---|---|
| 001 | UCS1462 | ||
| 003 | CL-VaPUC | ||
| 005 | 20250326164142.0 | ||
| 008 | 970509e19970000CL |||||||||||||||||spa|d | ||
| 999 | |c 259541 |d 259539 | ||
| 020 | |a 9561007932 | ||
| 040 | |c Pontificia Universidad Católica de Valparaíso | ||
| 082 | 0 | 4 | |a 340.9 GUZ 1997 |2 21 |
| 100 | 1 | |a Guzmán Latorre, Diego |e autor |9 763863 | |
| 245 | 1 | 0 | |a Tratado de derecho internacional privado |
| 250 | |a Tercera edición | ||
| 260 | |a Santiago, Chile: |b Jurídica, |c 1997 | ||
| 300 | |a 656 páginas | ||
| 583 | |a last modification |c 20130328 13:31:41 |k Rodrigo Vera | ||
| 650 | 0 | |a Derecho internacional privado |9 256361 | |
| 650 | 0 | |a Fuentes del derecho |9 255162 | |
| 650 | 0 | |a Personas jurídicas |9 257259 | |
| 650 | 0 | |a Relaciones internacionales |9 897628 | |
| 650 | 0 | |a Conflictos de leyes |9 460277 | |
| 942 | |c BK |2 ddc | ||
| 945 | |d 19970509 00:00:00 |a amoreno | ||
| 952 | |0 0 |1 0 |4 0 |6 340_900000000000000_GUZ_1997 |7 0 |8 A |9 284414 |a BIBDER |b BIBDER |d 2019-11-19 |i 3571912 |o 340.9 GUZ 1997 |p 3571912 |r 2023-01-25 |w 2019-11-19 |y BK |k DER | ||
| 952 | |0 0 |1 0 |4 0 |6 340_900000000000000_GUZ_1997 |7 0 |8 A |9 284415 |a BIBDER |b BIBDER |d 2019-11-19 |i 3739538 |o 340.9 GUZ 1997 |p 3739538 |r 2023-01-25 |w 2019-11-19 |y BK |k DER | ||
| 952 | |0 0 |1 0 |4 0 |6 340_900000000000000_GUZ_1997 |7 0 |8 A |9 284416 |a BIBDER |b BIBDER |d 2019-11-19 |i 4097408 |l 2 |m 4 |o 340.9 GUZ 1997 |p 4097408 |q 2025-12-31 |r 2020-03-20 |s 2020-03-20 |w 2019-11-19 |y BK |k DER | ||